PRACTICAL MANUAL OF HUMAN ANATOMY AND PHYSIOLOGY:for first year diploma pharmacy students (Record no. 5982)

MARC details
000 -LEADER
fixed length control field 00491nam a22001577a 4500
005 - DATE AND TIME OF LATEST TRANSACTION
control field 20240110113905.0
008 - FIXED-LENGTH DATA ELEMENTS--GENERAL INFORMATION
fixed length control field 190911b xxu||||| |||| 00| 0 eng d
020 ## - INTERNATIONAL STANDARD BOOK NUMBER
ISBN 978-93-86084-79-8
041 ## - LANGUAGE CODE
Language code of text/sound track or separate title eng
100 ## - MAIN ENTRY--AUTHOR NAME
Personal name GUPTA, DR. G.D. SHARMA, DR. SHAILESH AND SINGH, HARSIMRAN
245 ## - TITLE STATEMENT
Title PRACTICAL MANUAL OF HUMAN ANATOMY AND PHYSIOLOGY:for first year diploma pharmacy students
260 ## - PUBLICATION, DISTRIBUTION, ETC. (IMPRINT)
Place of publication NIRALI PRAKASHAN
Name of publisher PUNE
300 ## - PHYSICAL DESCRIPTION
Number of Pages 86p,
650 ## - SUBJECT ADDED ENTRY--TOPICAL TERM
Topical Term PHARMACY
General subdivision B.PHARMA
942 ## - ADDED ENTRY ELEMENTS (KOHA)
Koha item type Books
Holdings
Lost status Damaged status Collection code Home library Current library Shelving location Date acquired Source of acquisition Cost, normal purchase price Full call number Accession Number Koha item type
    PHARMACY JRU Library JRU Library Shelf - 27- G 11/09/2019 PURCHESS 85.00 612 23496 Books
    PHARMACY JRU Library JRU Library Shelf - 27- G 11/09/2019 PURCHESS 85.00 612 23497 Books
    PHARMACY JRU Library JRU Library Shelf - 27- G 11/09/2019 PURCHESS 85.00 612 23498 Books
    Reference JRU Library JRU Library SHELF-4-D 11/09/2019 PURCHESS 85.00   23499 Books
    PHARMACY JRU Library JRU Library Shelf - 27- G 10/02/2022 PURCHASE 215.00 612 26323 Books
    PHARMACY JRU Library JRU Library Shelf - 27- G 10/02/2022 PURCHASE 215.00 612 26324 Books
    PHARMACY JRU Library JRU Library Shelf - 27- G 10/02/2022 PURCHASE 215.00 612 26325 Books
    PHARMACY JRU Library JRU Library Shelf - 27- G 10/02/2022 PURCHASE 215.00 612 26326 Books
    PHARMACY JRU Library JRU Library Shelf - 27- G 10/02/2022 PURCHASE 215.00 612 26327 Books